Представление документа в формате RUSMARC

ПолеНазваниеЗначение
  Тип записи a
  Библиографический уровень m
001 Контрольный номер admiBOOK00010824
005 Дата корректировки 20140508173948.1
010 Индекс ISBN __
d Цена 0.11
100 Данные общей обработки __
a Данные общей обработки 19011227 |||y0 y0189 ca
101 Язык документа __
a Язык текста rus
105 Кодированные данные (монография) __
a Кодированные данные (монография) zy
200 Заглавие и сведения об ответственности 0_
a Заглавие Аграрный комплекс Сибири и Дальнего Востока
210 Выходные данные __
a Место издания М
c Издательство Знание
d Дата издания 1984
215 Физическое описание __
a Объем 64с.
225 Серия __
a Серия Новое в жизни, науке, технике. Сер. "Экономика"; ¦ 3
606 Тематические рубрики __
a Основная рубрика Экономическая география
x Основная подрубрика Экономическая география России и СССР
610 Ключевые слова __
a Ключевые слова Экономическая география СССР
a Ключевые слова Аграрный комплекс Сибири
a Ключевые слова Аграрный комплекс Дальнего Востока
a Ключевые слова Сибирь
a Ключевые слова Дальний Восток
686 Индексы других классификаций __
a Классификационный индекс 65.049(2)
700 Автор _1
a Фамилия Новоселов
b Имя Ю.А.
852 Данные о местонахождении __
c Местонахождение стеллажа 65.049(2)
j Шифр хранения 65.04
852 Данные о местонахождении __
b Сигла хранения ЧЗ_1
t Номер экземпляра 1
i Авторский знак Н76
p Инвентарный номер 1 экз. - б/н
901 Тип документа __
t Тип документа m
911 __
u 952a=Учебное пособие
938 Служебная информация __
a Название организации Саранский филиал
b Имя БД OUTPUT.MRC_Саранск
c Название АИБС АИБС Библиотека